000 00289nam a22001337a 4500
008 170308b xxu||||| |||| 00| 0 eng d
020 _a9780896402287
041 _aeng
080 _23RD
_a611
100 _a6
101 _aSHM
245 _aCOLOR ATLAS OF ANATOMY
_cROHEN
942 _2udc
_cBK
999 _c7180
_d7180